Advanced concepts in operating system (Record no. 9800)

MARC details
000 -LEADER
fixed length control field 00482nam a2200217Ia 4500
001 - CONTROL NUMBER
control field 092316
003 - CONTROL NUMBER IDENTIFIER
control field YMCAF
005 - DATE AND TIME OF LATEST TRANSACTION
control field 20230512161833.0
008 - FIXED-LENGTH DATA ELEMENTS--GENERAL INFORMATION
fixed length control field 100717s2007 ||||||||||||||||| ||und|d
024 ## - OTHER STANDARD IDENTIFIER
Standard number or code 92316
035 ## - SYSTEM CONTROL NUMBER
System control number 31774
040 ## - CATALOGING SOURCE
Original cataloging agency YMCAF
Language of cataloging eng
Transcribing agency IN-KoLT
041 ## - LANGUAGE CODE
Language code of text/sound track or separate title eng
082 ## - DEWEY DECIMAL CLASSIFICATION NUMBER
Classification number 005.43
Item number SIN
100 ## - MAIN ENTRY--PERSONAL NAME
Personal name Singhal, M
245 #0 - TITLE STATEMENT
Title Advanced concepts in operating system
260 ## - PUBLICATION, DISTRIBUTION, ETC.
Name of publisher, distributor, etc. TMH
Date of publication, distribution, etc. 2007
300 ## - PHYSICAL DESCRIPTION
Extent 522
653 ## - INDEX TERM--UNCONTROLLED
Uncontrolled term Shivratri, N G
942 ## - ADDED ENTRY ELEMENTS (KOHA)
Source of classification or shelving scheme Dewey Decimal Classification
Koha item type Books
Holdings
Withdrawn status Lost status Damaged status Not for loan Home library Current library Date acquired Cost, normal purchase price Total Checkouts Barcode Date last seen Cost, replacement price Price effective from Koha item type Public note G
        JC Bose University of Science & Technology JC Bose University of Science & Technology 17/07/2010 285.00   31778 12/05/2023 285.00 12/05/2023 Books C 672
        JC Bose University of Science & Technology JC Bose University of Science & Technology 17/07/2010 285.00   31774 12/05/2023 285.00 12/05/2023 Books C 672
      Not For Loan JC Bose University of Science & Technology JC Bose University of Science & Technology 17/07/2010 285.00   31775 12/05/2023 285.00 12/05/2023 Books R 672
        JC Bose University of Science & Technology JC Bose University of Science & Technology 17/07/2010 285.00   31776 12/05/2023 285.00 12/05/2023 Books C 672
        JC Bose University of Science & Technology JC Bose University of Science & Technology 17/07/2010 285.00   31777 12/05/2023 285.00 12/05/2023 Books C 672